Blondie: Albums by Cover - Statistics

General Stats
  • This quiz has been taken 12 times
  • The average score is 6 of 11
Answer Stats
Picture Hint Answer % Correct
1976 Blondie
100%
1979 Eat to the Beat
100%
1978 Parallel Lines
92%
1977 Plastic Letters
92%
1980 Autoamerican
67%
1982 The Hunter
58%
1999 No Exit
42%
2011 Panic of Girls
25%
2017 Pollinator
25%
2003 The Curse of Blondie
25%
2014 Blondie 4(0) Ever
17%
No matching quizzes found
Score Distribution
Percent of People with Each Score
Percentile by Number Answered
Your Score History
You have not taken this quiz